Jaka część Warszawy. Cz.1 - Statystyki

Ogólne statystyki
  • Ten quiz został rozwiązany 387 razy
  • Średni wynik to 12 z 15
Statystyki odpowiedzi
Zagadnienie Odpowiedź % Poprawnych
Bródno Targówek
96%
Siekierki Mokotów
93%
Las Kabacki Ursynów
93%
Boernerowo Bemowo
89%
Olszynka Grochowska Praga Południe
89%
Nowe Miasto Środmieście
89%
Tarchomin Białołęka
86%
Marymont Potok Żoliborz
86%
Okęcie Włochy
82%
Wrzeciono Bielany
79%
Filtry Ochota
75%
Piaski Bielany
71%
Gołąbki Ursus
71%
Koło Wola
71%
Groty Bemowo
57%
Nie znaleziono quizów pasujących do podanych kryteriów
Rozkład punktacji
Procent ludzi z każdym wynikiem
Percentyl według liczby udzielonych odpowiedzi
Twoja historia wyników
Nie rozwiązałeś tego quizu